header

Swans, swine, and swindlers (Record no. 223762)

MARC details
000 -LEADER
fixed length control field 01410nam a2200337Ia 4500
082 04 - DEWEY DECIMAL CLASSIFICATION NUMBER
Classification number 658.4/77
100 1# - MAIN ENTRY--AUTHOR NAME
Personal name Alpaslan, Can M.
245 10 - TITLE STATEMENT
Title Swans, swine, and swindlers
260 ## - PUBLICATION, DISTRIBUTION, ETC. (IMPRINT)
Place of publication Stanford, California :
Name of publisher Stanford Business Books, An Imprint of Stanford University Press,
Year of publication 2011.
300 ## - PHYSICAL DESCRIPTION
Number of Pages xxiii, 204 p.
490 1# - SERIES STATEMENT
Series statement High reliability and crisis management
650 #0 - SUBJECT ADDED ENTRY--TOPICAL TERM
Topical Term Crisis management.
Topical Term Conflict management.
700 1# - ADDED ENTRY--PERSONAL NAME
Personal name Mitroff, Ian I.
856 40 - ELECTRONIC LOCATION AND ACCESS
Uniform Resource Identifier http://site.ebrary.com/lib/rucke/Doc?id=10484218

No items available.

© 2026 Rongo University
Contact us: librarian | system librarian | Rongo university